| 000 | 00817nam a2200229Ia 4500 | ||
|---|---|---|---|
| 005 | 20220317001224.0 | ||
| 008 | 160825s2003 ck a g 000 0 spa | ||
| 020 | _a9589298788 | ||
| 082 | 0 | 4 |
_a651.75 _bA71g |
| 110 | 2 |
_aArchivo General de la Nación. Bogotá _967837 |
|
| 245 | 1 | 0 |
_aGuía para administración de comunicaciones oficiales _cArchivo General de la Nación de Colombia |
| 250 | _a1a. edición | ||
| 300 |
_a34 páginas _bilustraciones _c22 cm |
||
| 610 | 2 |
_aArchivo General de la Nación(Colombia) _967838 |
|
| 650 | 1 | 4 |
_2LEMB _aCorrespondencia comercial |
| 942 |
_2ddc _cBK |
||
| 264 |
_aBogotá _bArchivo General de la Nación _c2003 |
||
| 336 |
_atexto _btxt _2rdacontent |
||
| 337 |
_asin mediación _bn _2rdamedia |
||
| 338 |
_avolumen _bnc _2rdacarrier |
||
| 040 |
_aCO-BoRNBP _bspa _erda _cCO-BoRNBP |
||
| 999 |
_c6298 _d6298 |
||